01104 2200325 4500001002100000005001500021035002000036007000300056008004100059020002200100040002200122082001400144084001600158100003800174245016200212250003400374300004600408500001100454650002900465700003500494700002700529700003000556850001200586504003500598264005100633336002100684337003000705338002300735990002000758INLIS00000000088191320230918021431 a0010-0923000505ta230918s2009 jiia g 1 ind d a978-602-95565-0-6 aYOPDYOGbinderda04223a324.2 a324.2 AMI k0 aAminuddin Kasdid1948-epengarang10aKaum merah menjarah :baksi sepihak PKI/BTI di Jawa Timur 1960-1965 /cAminuddin Kasdi; penyunting, Anas Syahrul Alimi, Ade Ma'ruf; ilustrator, Harimurti Adi aCetakan kedua, September 2009 axl, 240 halaman :btabel, gambar ;c21 cm aIndeks 4aPartai Komunis Indonesia0 aAnas Syahrul Alimiepenyunting0 aAde Ma'rufepenyunting0 aHarimurti Adieilustrator aYOPDYOG aBibliografi: halaman [215]-23131aSurabaya :bYayasan Kajian Citra Bangsa,c2009 2rdacontentateks 2rdamediaatanpa perantara 2rdacarrieravolume a71514-PD/A.2023